| 000 | 01267cam a22002174a 4500 | ||
|---|---|---|---|
| 005 | 20250605164046.0 | ||
| 008 | 250528s ||||||||||||||||||||||||d | ||
| 035 | _a17121 | ||
| 020 | _a273603205 | ||
| 040 |
_aGR-AtMCL _bgre _dGR-AtMCL _eAACR2 |
||
| 245 | 1 | _aStatistics / Fourth Edition | |
| 250 | _a4th | ||
| 260 |
_bPitman Publishing, _c1994 |
||
| 300 | _a532 | ||
| 520 | _aThis book is ideal for a wide range of statistics courses for business. It is particularly suited to BTEC HNC/ D Students and to those studying for foundation level Accounting courses. Preface, Acknowledgements, The Organization of Data, The Presentation of Data, Approximation and Error, The Averaging of Data, The Time Series - Analysis of Trend, The Time Series - Deseasonalization and Forecasting, Index Numbers, Dispersion, The Normal Distribution, Probability, Decision Criteria, Simulation, Probability Distributions, Sample Design, Planning a Sample Survey, Sampling Theory, Quality Control, Estimation, Hypothesis Testing, Statistical Significance, The Chi-Square Test, Regression and Correlation, Statistical Sources, Answers to Questions, Tables, Index. | ||
| 700 | 1 |
_aJones Ron _93263 |
|
| 700 | 1 |
_aOwen Frank _93264 |
|
| 942 | _cBK | ||
| 999 |
_c2561 _d2561 |
||